Katolicita a reformácia

Bibliographic Details
Main Author: Braaten, Carl E., 1929- (Author)
Other Authors: Hinlicki, Paul (Translator)
Format: Article
Language:Slovak
PhysicalDescription:Lit. 5 zázn. v angl., nem., slov.
Subjects:

MARC

LEADER 00000nab a2200000 a 4500
001 vtls000602176
003 SK-MaSNL
005 20260304090921.0
008 250425c1996 xo 0 slo
015 |a SNBRB19rr/mm-uuuuu 
035 |a CL0602315 
035 |a urn:nbn:sk:snk-abepn3 
035 |a (urnnbn)urn:nbn:sk:snk:ar-a08tr7 
035 |a (uuid)fd9a06da-5fe9-4403-ba28-b5352975de92 
040 |a SNKBUCL  |b slo  |c SNKBUCL  |e AACR2 
041 0 |a slo 
044 |a xo  |c SK 
080 |a 284:284.1:282:284  |2 1981 
080 |a 284.1  |2 1981 
080 |a 282:284  |2 1981 
100 1 |a Braaten, Carl E.,  |d 1929-  |4 aut  |9 1382592 
245 1 0 |a Katolicita a reformácia  |c Carl Braaten ; Prekl. Paul Hinlicki 
300 |b Lit. 5 zázn. v angl., nem., slov. 
650 0 7 |a protestantizmus  |2 SNKPH  |9 4018 
650 0 7 |a luteránstvo  |2 SNKPH  |9 69032 
650 0 7 |a katolíci  |2 SNKPH  |9 4025 
650 0 7 |a evanjelici  |2 SNKPH  |9 4027 
655 7 |a články z novín a časopisov  |2 SNK  |9 267496 
700 1 |a Hinlicki, Paul  |4 trl  |9 1382593 
773 0 |t Cirkevné listy  |g Roč. 109, č. 10 (1996), s. 152-154 
850 |a Slovenská národná knižnica 
852 |a Slovenská národná knižnica 
954 |a odborná, vedecká literatúra pôvodná (slovenská)  |2 lita 
958 |a article27 
958 |a SK 
958 |a RK 
958 |a OND 
958 |a EUIPO 
992 |a RBX 
999 |c 2813313  |d 2815243